| 000 | 00581cam a2200193 a 4500 | ||
|---|---|---|---|
| 999 |
_c7543 _d7543 |
||
| 003 | OSt | ||
| 005 | 20200312134044.0 | ||
| 008 | 111219s2011 sp a 000 0 spa | ||
| 020 | _a9788415223191 | ||
| 082 |
_a720.47 _bGAR |
||
| 100 | 1 | _aGarrido, Luis de. | |
| 245 | 1 | 0 |
_aArtificial nature architecture / _cLuis de Garrido. |
| 260 |
_aBarcelona : _bMonsa, _cc2011. |
||
| 300 |
_a95 p. : _bcol. ill. ; _c21 cm. |
||
| 546 | _aText in Spanish and English. | ||
| 650 | 0 |
_aSustainable buildings _xDesign and construction. |
|
| 650 | 0 |
_aArchitecture _xEnvironmental aspects. |
|
| 942 | _2ddc | ||